|
|
|
|
| LEADER |
00000nab a2200000 a 4500 |
| 001 |
vtls000533698 |
| 003 |
SK-MaSNL |
| 005 |
20260304101953.0 |
| 008 |
250425c1994 xo 0 slo |
| 015 |
|
|
|a SNBRB19rr/mm-uuuuu
|
| 035 |
|
|
|a CL0533836
|
| 035 |
|
|
|a urn:nbn:sk:snk-abdgm
|
| 035 |
|
|
|a (urnnbn)urn:nbn:sk:snk:ar-002by4
|
| 035 |
|
|
|a (uuid)dd09ddcf-d0eb-4c84-9355-c0ec139919a5
|
| 040 |
|
|
|a SNKBUCL
|b slo
|c SNKBUCL
|e AACR2
|
| 041 |
0 |
|
|a hun
|
| 044 |
|
|
|a xo
|c SK
|
| 080 |
|
|
|a 82.09:894.511 (437.6)-1=945.11(048)
|2 1981
|
| 080 |
|
|
|a 894.511 (437.6)-1=945.11(048)
|2 1981
|
| 100 |
1 |
|
|a Csanda, Gábor,
|d 1963-
|4 aut
|9 98659
|
| 245 |
1 |
0 |
|a Prózai megközelítés
|b Z. Németh István verseskötetéről
|c Gábor Csanda
|
| 300 |
|
|
|b Obr. 2
|
| 650 |
0 |
7 |
|a maďarská poézia
|2 snkbucl
|9 1294
|
| 655 |
|
7 |
|a recenzie
|2 snkbucl
|9 21907
|
| 655 |
|
7 |
|a články z novín a časopisov
|2 snkbucl
|9 267496
|
| 655 |
|
7 |
|a články z odboru literárna veda a krásna literatúra
|2 snkbucl
|9 770045
|
| 773 |
0 |
|
|t Kalligram
|g Č. 11 (1994), s. 102-104
|
| 787 |
0 |
8 |
|i Rec.:
|a Németh Z., István
|d Bratislava : Kalligram, 1993
|
| 850 |
|
|
|a Slovenská národná knižnica
|
| 852 |
|
|
|a Slovenská národná knižnica
|
| 958 |
|
|
|a article27
|
| 958 |
|
|
|a OND
|
| 958 |
|
|
|a RK
|
| 958 |
|
|
|a HU
|
| 958 |
|
|
|a LX
|
| 992 |
|
|
|a RBX
|
| 999 |
|
|
|c 2843508
|d 2845438
|